| 000 | 01935 a2200289 4500 | ||
|---|---|---|---|
| 003 | Nust | ||
| 005 | 20170207154010.0 | ||
| 010 | _a 00703276 | ||
| 020 | _a1565925823 | ||
| 035 | _a(OCoLC)ocm40889566 | ||
| 040 | _cNust | ||
| 082 | _a005.133 | ||
| 245 | 0 | 0 |
_aOpen sources, voices from the open source revolution -(E-BOOK) _cedited by Chris DiBona, Sam Ockman & Mark Stone. |
| 246 | 3 | _aOpensources | |
| 250 | _a1st ed. | ||
| 260 |
_aBeijing ; _aSebastopol, CA : _bO'Reilly, _cc1999. |
||
| 300 |
_aviii, 272 p. : _bill. ; _c24 cm. |
||
| 505 | 0 | _aIntroduction / Chris DiBona, Sam Ockman, and Mark Stone -- A brief history of hackerdom / Eric S. Raymond -- Twenty years of Berkeley Unix : from AT&T-owned to freely redistributable / Marshall Kirk McKusick -- The Internet Engineering Task Force / Scott Bradner -- The GNU Operating System and the Free Software Movement / Richard Stallman -- The future of Cygnus Solutions : and entrepreneur's account / Michael Tiemann -- Software engineering / Paul Vixie -- Giving it away : how Red Hat Software stumbled across a new economic model and helped improve an industry / Robert Young -- Diligence, patience, and humility / Larry Wall -- Open Source as a business strategy / Brian Behlendorf -- The Open Source definition / Bruce Perens -- Hardware, software, and infoware / Tim O'Reilly -- Freeing the source : the story of Mozilla / Jim Hamerly and Tome Paquin with Susan Walton -- The revenge of the hackers / Eric S. Raymond | |
| 650 | 0 | _aOpen source software. | |
| 651 | _aE-BOOK | ||
| 700 | 1 | _aDiBona, Chris. | |
| 700 | 1 | _aOckman, Sam. | |
| 700 | 1 | _aStone, Mark. | |
| 856 | 4 | 2 |
_3Contributor biographical information _uhttp://www.loc.gov/catdir/enhancements/fy0912/00703276-b.html |
| 856 | 4 | 2 |
_3Publisher description _uhttp://www.loc.gov/catdir/enhancements/fy0715/00703276-d.html |
| 856 | 4 | 2 |
_3Table of contents only _uhttp://www.loc.gov/catdir/enhancements/fy1008/00703276-t.html |
| 942 |
_2ddc _cBK |
||
| 999 |
_c191184 _d191184 |
||